| 000 | 00348nam a22001577a 4500 | ||
|---|---|---|---|
| 020 | _a81-8204-030-2 | ||
| 082 |
_a658.3 _bTAL |
||
| 100 | _aTALUKDAR,A. | ||
| 245 | _aAN EASY GUIDE TO LEARNING FRENCH | ||
| 250 | _a1ST | ||
| 260 |
_aDELHI _bAMAN _c2010 |
||
| 300 | _a183 | ||
| 650 | _aLANGUAGE GUIDE | ||
| 653 | _aLANGUAGE,FRENCH | ||
| 942 |
_2ddc _cBK |
||
| 999 |
_c8032 _d8032 |
||